John Lennon - Statistics

General Stats
  • This quiz has been taken 169 times
  • The average score is 10 of 13
Answer Stats
Hint Answer % Correct
What year did he die? 1980
98%
What year was he born? 1940
97%
What band did he sing for? The Beatles
96%
What country was he born in? United Kingdom
95%
How old was he when he was killed? 40
94%
Who was his wife at the time? Yoko Ono
93%
What month was he born in? October
86%
When did he meet Paul McCartney? 1957
81%
What was his mother's name? Julia
75%
Who killed him? Mark David Chapman
74%
What was his middle name? Winston
70%
What was his cause of death? Assassination
47%
What other famous musician died that year? Hint: He was in AC/DC Bon Scott
36%
No matching quizzes found
Score Distribution
Percent of People with Each Score
Percentile by Number Answered
Your Score History
You have not taken this quiz